[Event "British Rapidplay Championship 2023"]
[Site "Mercure Bradford, Bankfield Hotel"]
[Date "2023.04.15"]
[Round "6.18"]
[White "Barton, Ben"]
[Black "Baxter, Martin"]
[Result "1-0"]
[TimeControl "All moves in 15 minutes plus 10 second increment per move from move 1"]
[WhiteElo "1577"]
[BlackElo "1766"]

1. e4 {[%clk 00:15:19]} e5 {[%clk 00:15:18]} {[%emt 00:00:02]} 2. d4 {[%clk
00:15:28]} {[%emt 00:00:02]} exd4 {[%clk 00:15:11]} {[%emt 00:00:16]} 3. c3
{[%clk 00:15:37]} {[%emt 00:00:02]} dxc3 {[%clk 00:15:08]} {[%emt 00:00:12]} 4.
Bc4 {[%clk 00:15:45]} {[%emt 00:00:02]} Nc6 {[%clk 00:14:08]} {[%emt 00:01:10]}
5. Nf3 {[%clk 00:15:50]} {[%emt 00:00:05]} Qf6 {[%clk 00:13:00]} {[%emt
00:01:18]} 6. Nxc3 {[%clk 00:15:52]} {[%emt 00:00:09]} d6 {[%clk 00:12:39]}
{[%emt 00:00:30]} 7. Nd5 {[%clk 00:15:32]} {[%emt 00:00:30]} Qd8 {[%clk
00:12:28]} {[%emt 00:00:22]} 8. O-O {[%clk 00:14:01]} {[%emt 00:01:41]} Nf6
{[%clk 00:11:49]} {[%emt 00:00:48]} 9. Bg5 {[%clk 00:14:10]} {[%emt 00:00:02]}
Be7 {[%clk 00:11:26]} {[%emt 00:00:33]} 10. h4 {[%clk 00:12:31]} {[%emt
00:01:48]} O-O {[%clk 00:11:00]} {[%emt 00:00:36]} 11. Nxe7+ {[%clk 00:11:59]}
{[%emt 00:00:41]} Qxe7 {[%clk 00:11:01]} {[%emt 00:00:09]} 12. Nd4 {[%clk
00:10:54]} {[%emt 00:01:16]} Ne5 {[%clk 00:10:09]} {[%emt 00:01:02]} 13. Bb3
{[%clk 00:10:23]} {[%emt 00:00:41]} h6 {[%clk 00:09:34]} {[%emt 00:00:45]} 14.
Bxf6 {[%clk 00:09:40]} {[%emt 00:00:53]} Qxf6 {[%clk 00:09:38]} {[%emt
00:00:05]} 15. g3 {[%clk 00:06:55]} {[%emt 00:02:55]} Bh3 {[%clk 00:09:14]}
{[%emt 00:00:34]} 16. Re1 {[%clk 00:06:18]} {[%emt 00:00:47]} c5 {[%clk
00:09:05]} {[%emt 00:00:19]} 17. Nf5 {[%clk 00:06:03]} {[%emt 00:00:26]} Bxf5
{[%clk 00:07:05]} {[%emt 00:02:09]} 18. exf5 {[%clk 00:06:11]} {[%emt
00:00:02]} Qxf5 {[%clk 00:07:07]} {[%emt 00:00:08]} 19. Bd5 {[%clk 00:06:19]}
{[%emt 00:00:03]} Rab8 {[%clk 00:05:14]} {[%emt 00:02:02]} 20. Bg2 {[%clk
00:06:19]} {[%emt 00:00:10]} Qf6 {[%clk 00:03:55]} {[%emt 00:01:29]} 21. Re4
{[%clk 00:06:05]} {[%emt 00:00:24]} Rbd8 {[%clk 00:03:35]} {[%emt 00:00:32]} 22.
Rf4 {[%clk 00:06:05]} {[%emt 00:00:09]} Qe7 {[%clk 00:03:33]} {[%emt 00:00:12]}
23. Qb3 {[%clk 00:06:06]} {[%emt 00:00:07]} d5 {[%clk 00:03:28]} {[%emt
00:00:17]} 24. Re1 {[%clk 00:06:14]} {[%emt 00:00:01]} Nf3+ {[%clk 00:03:23]}
{[%emt 00:00:15]} 25. Bxf3 {[%clk 00:06:14]} {[%emt 00:00:11]} Qxe1+ {[%clk
00:03:30]} {[%emt 00:00:03]} 26. Kg2 {[%clk 00:06:23]} {[%emt 00:00:01]} Qe7
{[%clk 00:03:25]} {[%emt 00:00:15]} 27. Bxd5 {[%clk 00:06:25]} {[%emt
00:00:08]} Rd7 {[%clk 00:03:06]} {[%emt 00:00:29]} 28. Be4 {[%clk 00:06:16]}
{[%emt 00:00:18]} Kh8 {[%clk 00:02:40]} {[%emt 00:00:37]} 29. a3 {[%clk
00:06:05]} {[%emt 00:00:21]} b6 {[%clk 00:02:37]} {[%emt 00:00:13]} 30. Bd3
{[%clk 00:06:00]} {[%emt 00:00:14]} Qd6 {[%clk 00:02:16]} {[%emt 00:00:32]} 31.
Bc4 {[%clk 00:05:33]} {[%emt 00:00:37]} Qc6+ {[%clk 00:02:15]} {[%emt
00:00:11]} 32. Kh2 {[%clk 00:05:42]} {[%emt 00:00:01]} Re8 {[%clk 00:01:51]}
{[%emt 00:00:34]} 33. Bb5 {[%clk 00:05:12]} {[%emt 00:00:40]} Qd5 {[%clk
00:00:58]} {[%emt 00:01:03]} 34. Qxd5 {[%clk 00:05:15]} {[%emt 00:00:06]} Rxd5
{[%clk 00:01:06]} {[%emt 00:00:03]} 35. Bxe8 {[%clk 00:05:23]} {[%emt
00:00:01]} f6 {[%clk 00:01:06]} {[%emt 00:00:11]} 36. Bg6 {[%clk 00:05:30]}
{[%emt 00:00:02]} Rd2 {[%clk 00:01:13]} {[%emt 00:00:03]} 37. b4 {[%clk
00:05:37]} {[%emt 00:00:04]} cxb4 {[%clk 00:01:12]} {[%emt 00:00:11]} 38. axb4
{[%clk 00:05:45]} {[%emt 00:00:02]} Rd5 {[%clk 00:01:08]} {[%emt 00:00:14]} 39.
Rc4 {[%clk 00:05:50]} {[%emt 00:00:04]} Rd8 {[%clk 00:00:50]} {[%emt 00:00:28]}
40. Rc7 {[%clk 00:05:59]} {[%emt 00:00:02]} a6 {[%clk 00:00:57]} {[%emt
00:00:03]} 41. Ra7 {[%clk 00:06:07]} {[%emt 00:00:01]} 1-0

[Event "British Rapidplay Championship 2023"]
[Site "Mercure Bradford, Bankfield Hotel"]
[Date "2023.04.15"]
[Round "6.19"]
[White "Lukhi, Neev"]
[Black "Sisupalan, Beni"]
[Result "0-1"]
[TimeControl "All moves in 15 minutes plus 10 second increment per move from move 1"]
[WhiteElo "1544"]
[BlackElo "1497"]

1. d4 {[%clk 00:15:19]} Nf6 {[%clk 00:15:19]} {[%emt 00:00:01]} 2. Bf4 {[%clk
00:15:27]} {[%emt 00:00:02]} g6 {[%clk 00:15:28]} {[%emt 00:00:01]} 3. Nc3
{[%clk 00:15:36]} Bg7 {[%clk 00:15:36]} {[%emt 00:00:02]} 4. e4 {[%clk
00:15:44]} d6 {[%clk 00:15:46]} {[%emt 00:00:01]} 5. Nf3 {[%clk 00:15:51]}
{[%emt 00:00:04]} O-O {[%clk 00:15:51]} {[%emt 00:00:04]} 6. Bd3 {[%clk
00:15:51]} {[%emt 00:00:10]} Nh5 {[%clk 00:15:42]} {[%emt 00:00:19]} 7. Bg3
{[%clk 00:15:50]} {[%emt 00:00:11]} Nd7 {[%clk 00:15:20]} {[%emt 00:00:32]} 8.
Qd2 {[%clk 00:15:07]} {[%emt 00:00:52]} c6 {[%clk 00:15:16]} {[%emt 00:00:14]}
9. O-O-O {[%clk 00:14:31]} {[%emt 00:00:47]} b5 {[%clk 00:15:05]} {[%emt
00:00:21]} 10. Bf4 {[%clk 00:13:54]} {[%emt 00:00:46]} Nxf4 {[%clk 00:15:05]}
{[%emt 00:00:10]} 11. Qxf4 {[%clk 00:14:02]} {[%emt 00:00:02]} a5 {[%clk
00:14:52]} {[%emt 00:00:23]} 12. h4 {[%clk 00:13:56]} {[%emt 00:00:17]} e5
{[%clk 00:14:36]} {[%emt 00:00:26]} 13. dxe5 {[%clk 00:13:41]} {[%emt
00:00:25]} dxe5 {[%clk 00:14:00]} {[%emt 00:00:46]} 14. Qe3 {[%clk 00:13:22]}
{[%emt 00:00:27]} Qb6 {[%clk 00:13:48]} {[%emt 00:00:24]} 15. Qxb6 {[%clk
00:11:22]} {[%emt 00:02:11]} Nxb6 {[%clk 00:13:55]} {[%emt 00:00:02]} 16. h5
{[%clk 00:11:15]} {[%emt 00:00:17]} Be6 {[%clk 00:13:57]} {[%emt 00:00:08]} 17.
hxg6 {[%clk 00:10:50]} {[%emt 00:00:36]} hxg6 {[%clk 00:13:32]} {[%emt
00:00:34]} 18. Ng5 {[%clk 00:10:32]} {[%emt 00:00:27]} Bd7 {[%clk 00:13:03]}
{[%emt 00:00:40]} 19. Rh2 {[%clk 00:08:48]} {[%emt 00:01:54]} f6 {[%clk
00:12:58]} {[%emt 00:00:15]} 20. Nf3 {[%clk 00:08:40]} {[%emt 00:00:18]} Kf7
{[%clk 00:12:55]} {[%emt 00:00:13]} 21. Rdh1 {[%clk 00:08:19]} {[%emt
00:00:30]} Be6 {[%clk 00:12:21]} {[%emt 00:00:46]} 22. Kb1 {[%clk 00:07:59]}
{[%emt 00:00:29]} Rad8 {[%clk 00:11:19]} {[%emt 00:01:12]} 23. Rg1 {[%clk
00:06:57]} {[%emt 00:01:11]} Rh8 {[%clk 00:09:52]} {[%emt 00:01:38]} 24. Rgh1
{[%clk 00:06:36]} {[%emt 00:00:31]} Rxh2 {[%emt 00:00:38]} 25. Rxh2 {[%emt
00:00:02]} b4 {[%emt 00:02:03]} 26. Nd1 {[%clk 00:05:43]} {[%emt 00:00:17]} Nd7
{[%clk 00:07:18]} {[%emt 00:00:57]} 27. Ne3 {[%clk 00:05:08]} {[%emt 00:00:45]}
Nc5 {[%clk 00:06:38]} {[%emt 00:00:51]} 28. Ne1 {[%clk 00:05:10]} {[%emt
00:00:07]} f5 {[%clk 00:05:31]} {[%emt 00:01:16]} 29. exf5 {[%clk 00:04:57]}
{[%emt 00:00:24]} gxf5 {[%clk 00:04:53]} {[%emt 00:00:48]} 30. Kc1 {[%clk
00:04:04]} {[%emt 00:01:02]} Nxd3+ {[%clk 00:04:19]} {[%emt 00:00:44]} 31. cxd3
{[%clk 00:03:42]} {[%emt 00:00:33]} Kg6 {[%clk 00:03:47]} {[%emt 00:00:42]} 32.
b3 {[%clk 00:03:00]} {[%emt 00:00:53]} Bh6 {[%clk 00:03:25]} {[%emt 00:00:31]}
33. Kc2 {[%clk 00:02:56]} {[%emt 00:00:14]} f4 {[%clk 00:02:54]} {[%emt
00:00:40]} 34. Nc4 {[%clk 00:02:58]} {[%emt 00:00:09]} Bxc4 {[%clk 00:02:56]}
{[%emt 00:00:08]} 35. bxc4 {[%clk 00:02:58]} {[%emt 00:00:09]} Bg7 {[%clk
00:02:48]} {[%emt 00:00:18]} 36. Nf3 {[%clk 00:02:36]} {[%emt 00:00:32]} a4
{[%clk 00:02:41]} {[%emt 00:00:18]} 37. Nd2 {[%clk 00:02:14]} {[%emt 00:00:31]}
Bf8 {[%clk 00:02:12]} {[%emt 00:00:39]} 38. Rh1 {[%clk 00:01:48]} {[%emt
00:00:36]} Bc5 {[%clk 00:02:12]} {[%emt 00:00:11]} 39. f3 {[%clk 00:01:23]}
{[%emt 00:00:36]} Be3 {[%clk 00:02:06]} {[%emt 00:00:15]} 40. Rb1 {[%clk
00:00:43]} {[%emt 00:00:50]} Bc5 {[%clk 00:02:12]} {[%emt 00:00:04]} 41. Ne4
{[%clk 00:00:44]} {[%emt 00:00:09]} Be7 {[%clk 00:02:20]} {[%emt 00:00:01]} 42.
c5 {[%clk 00:00:40]} {[%emt 00:00:15]} Rd4 {[%clk 00:01:49]} {[%emt 00:00:41]}
43. Rb2 {[%clk 00:00:22]} {[%emt 00:00:29]} Kf5 {[%clk 00:01:41]} {[%emt
00:00:16]} 44. Rb1 {[%clk 00:00:26]} {[%emt 00:00:07]} Ke6 {[%clk 00:01:46]}
{[%emt 00:00:05]} 45. Rb2 {[%clk 00:00:19]} {[%emt 00:00:17]} Kd5 {[%clk
00:01:54]} {[%emt 00:00:02]} 46. Rb1 {[%clk 00:00:26]} {[%emt 00:00:03]} Bxc5
{[%clk 00:01:58]} {[%emt 00:00:06]} 47. Nf6+ {[%clk 00:00:21]} {[%emt
00:00:15]} Ke6 {[%clk 00:02:07]} {[%emt 00:00:01]} 48. Ne4 {[%clk 00:00:28]}
{[%emt 00:00:03]} Be7 {[%clk 00:02:15]} {[%emt 00:00:02]} 49. Rh1 {[%clk
00:00:32]} {[%emt 00:00:06]} Rd8 {[%clk 00:01:49]} {[%emt 00:00:36]} 50. Rh6+
{[%clk 00:00:29]} {[%emt 00:00:13]} Kd5 {[%clk 00:01:48]} {[%emt 00:00:09]} 51.
Rh7 {[%clk 00:00:27]} {[%emt 00:00:14]} Bc5 {[%clk 00:01:18]} {[%emt 00:00:40]}
52. Rh5 {[%clk 00:00:23]} {[%emt 00:00:14]} Rf8 {[%clk 00:00:46]} {[%emt
00:00:42]} 53. Nxc5 {[%clk 00:00:27]} {[%emt 00:00:07]} Kxc5 {[%clk 00:00:54]}
{[%emt 00:00:01]} 54. Rxe5+ {[%clk 00:00:35]} {[%emt 00:00:02]} Kd6 {[%clk
00:00:58]} {[%emt 00:00:06]} 55. Re4 {[%clk 00:00:39]} {[%emt 00:00:04]} c5
{[%clk 00:01:07]} {[%emt 00:00:03]} 56. Rc4 {[%clk 00:00:25]} {[%emt 00:00:24]}
Kd5 {[%clk 00:01:06]} {[%emt 00:00:12]} 57. Re4 {[%clk 00:00:30]} {[%emt
00:00:04]} Rf7 {[%clk 00:01:09]} {[%emt 00:00:06]} 58. Rc4 {[%clk 00:00:36]}
{[%emt 00:00:05]} Kd6 {[%clk 00:01:11]} {[%emt 00:00:07]} 59. d4 {[%clk
00:00:28]} {[%emt 00:00:18]} cxd4 {[%clk 00:00:22]} {[%emt 00:01:00]} 60. Rxd4+
{[%clk 00:00:37]} {[%emt 00:00:01]} Kc5 {[%clk 00:00:30]} {[%emt 00:00:02]} 61.
Re4 {[%clk 00:00:36]} {[%emt 00:00:11]} Rg7 {[%clk 00:00:37]} {[%emt 00:00:03]}
62. Rxf4 {[%clk 00:00:37]} {[%emt 00:00:09]} Rxg2+ {[%clk 00:00:46]} {[%emt
00:00:01]} 63. Kb1 {[%clk 00:00:25]} {[%emt 00:00:22]} Rf2 {[%clk 00:00:49]}
{[%emt 00:00:07]} 64. Rf8 {[%clk 00:00:22]} {[%emt 00:00:13]} Kc4 {[%clk
00:00:48]} {[%emt 00:00:11]} 65. Rc8+ {[%clk 00:00:31]} {[%emt 00:00:01]} Kd3
{[%clk 00:00:56]} {[%emt 00:00:02]} 66. Rd8+ {[%clk 00:00:23]} {[%emt
00:00:18]} Ke3 {[%clk 00:00:36]} {[%emt 00:00:29]} 67. Rb8 {[%clk 00:00:19]}
{[%emt 00:00:15]} Rf1+ {[%clk 00:00:37]} {[%emt 00:00:09]} 68. Kb2 {[%clk
00:00:23]} {[%emt 00:00:06]} Rf2+ {[%clk 00:00:38]} {[%emt 00:00:09]} 69. Kb1
{[%clk 00:00:29]} {[%emt 00:00:04]} Kd3 {[%clk 00:00:29]} {[%emt 00:00:18]} 70.
Rxb4 {[%clk 00:00:16]} {[%emt 00:00:24]} Kc3 {[%clk 00:00:32]} {[%emt
00:00:06]} 71. a3 {[%clk 00:00:21]} {[%emt 00:00:05]} Rf1+ {[%clk 00:00:25]}
{[%emt 00:00:17]} 72. Ka2 {[%clk 00:00:31]} {[%emt 00:00:01]} Rf2+ {[%clk
00:00:31]} {[%emt 00:00:05]} 73. Kb1 {[%clk 00:00:40]} {[%emt 00:00:01]} Rxf3
{[%clk 00:00:35]} {[%emt 00:00:05]} 74. Ka2 {[%clk 00:00:16]} {[%emt 00:00:34]}
Rf2+ {[%clk 00:00:38]} {[%emt 00:00:06]} 75. Kb1 {[%clk 00:00:25]} {[%emt
00:00:02]} Re2 {[%clk 00:00:41]} {[%emt 00:00:07]} 76. Ka1 {[%clk 00:00:21]}
{[%emt 00:00:14]} Rd2 {[%clk 00:00:38]} {[%emt 00:00:12]} 77. Kb1 {[%clk
00:00:13]} {[%emt 00:00:20]} Rd5 {[%clk 00:00:36]} {[%emt 00:00:11]} 0-1

[Event "British Rapidplay Championship 2023"]
[Site "Mercure Bradford, Bankfield Hotel"]
[Date "2023.04.15"]
[Round "6.20"]
[White "Keerthi Kumar, Advait"]
[Black "McKay, Ruairidh"]
[Result "1-0"]
[TimeControl "All moves in 15 minutes plus 10 second increment per move from move 1"]
[WhiteElo "1455"]
[BlackElo "1460"]

1. e4 {[%clk 00:15:19]} {[%emt 00:03:14]} c6 {[%clk 00:15:18]} {[%emt
00:00:03]} 2. d4 {[%clk 00:15:28]} {[%emt 00:00:01]} d5 {[%clk 00:15:27]}
{[%emt 00:00:01]} 3. e5 {[%clk 00:15:37]} {[%emt 00:00:02]} Bf5 {[%clk
00:15:35]} {[%emt 00:00:01]} 4. Bd3 {[%clk 00:15:38]} {[%emt 00:00:09]} Bxd3
{[%clk 00:15:43]} {[%emt 00:00:03]} 5. Qxd3 {[%clk 00:15:47]} e6 {[%clk
00:15:48]} {[%emt 00:00:06]} 6. Ne2 {[%clk 00:15:52]} {[%emt 00:00:03]} Nd7
{[%clk 00:15:35]} {[%emt 00:00:25]} 7. O-O {[%clk 00:15:59]} {[%emt 00:00:03]}
Ne7 {[%clk 00:15:43]} {[%emt 00:00:02]} 8. c3 {[%clk 00:16:08]} {[%emt
00:00:01]} c5 {[%clk 00:15:44]} {[%emt 00:00:09]} 9. Be3 {[%clk 00:16:12]}
{[%emt 00:00:05]} Nc6 {[%clk 00:15:26]} {[%emt 00:00:29]} 10. Nd2 {[%clk
00:16:14]} {[%emt 00:00:07]} b6 {[%clk 00:14:45]} {[%emt 00:03:54]} 11. a3
{[%clk 00:16:15]} {[%emt 00:00:10]} cxd4 {[%clk 00:14:27]} {[%emt 00:00:27]} 12.
cxd4 {[%clk 00:16:22]} {[%emt 00:00:03]} Be7 {[%clk 00:14:22]} {[%emt
00:00:15]} 13. f4 {[%clk 00:16:16]} {[%emt 00:00:16]} f5 {[%clk 00:13:25]}
{[%emt 00:01:08]} 14. exf6 {[%clk 00:15:52]} {[%emt 00:00:33]} Bxf6 {[%clk
00:13:15]} {[%emt 00:00:19]} 15. f5 {[%clk 00:15:51]} {[%emt 00:00:12]} e5
{[%clk 00:12:37]} {[%emt 00:00:49]} 16. Qb5 {[%clk 00:12:46]} {[%emt 00:03:14]}
Ne7 {[%clk 00:12:25]} {[%emt 00:00:23]} 17. dxe5 {[%clk 00:12:40]} {[%emt
00:00:17]} Bxe5 {[%clk 00:12:12]} {[%emt 00:00:22]} 18. Nf3 {[%clk 00:12:41]}
{[%emt 00:00:08]} O-O {[%clk 00:11:24]} {[%emt 00:00:58]} 19. Ng5 {[%clk
00:11:50]} {[%emt 00:00:47]} Qe8 {[%clk 00:06:22]} {[%emt 00:05:24]} 20. Bd4
{[%clk 00:08:35]} {[%emt 00:03:27]} Nf6 {[%clk 00:03:28]} {[%emt 00:03:04]} 21.
Qd3 {[%clk 00:07:25]} {[%emt 00:01:09]} Bxd4+ {[%clk 00:02:04]} {[%emt
00:01:46]} 22. Nxd4 {[%clk 00:07:23]} {[%emt 00:00:11]} Qd7 {[%clk 00:01:49]}
{[%emt 00:00:24]} 23. Qg3 {[%clk 00:06:41]} {[%emt 00:00:53]} h6 {[%clk
00:00:37]} {[%emt 00:01:23]} 24. Nge6 {[%clk 00:05:57]} {[%emt 00:00:53]} Rf7
{[%clk 00:00:32]} {[%emt 00:00:15]} 25. Rac1 {[%clk 00:06:01]} {[%emt
00:00:05]} Rc8 {[%clk 00:00:24]} {[%emt 00:00:21]} 26. Qf4 {[%clk 00:05:59]}
{[%emt 00:00:11]} Nh5 {[%clk 00:00:20]} {[%emt 00:00:14]} 27. Qe3 {[%clk
00:05:56]} {[%emt 00:00:12]} Nxf5 {[%clk 00:00:11]} {[%emt 00:00:20]} 28. Rxc8+
{[%clk 00:05:48]} {[%emt 00:00:18]} Qxc8 {[%clk 00:00:15]} {[%emt 00:00:06]} 29.
Nxf5 {[%clk 00:05:37]} {[%emt 00:00:20]} Rxf5 {[%clk 00:00:11]} {[%emt
00:00:14]} 30. Rxf5 {[%clk 00:05:35]} Nf6 {[%clk 00:00:12]} {[%emt 00:00:22]}
31. Rf1 {[%clk 00:15:10]} {[%emt 00:00:33]} 1-0

[Event "British Rapidplay Championship 2023"]
[Site "Mercure Bradford, Bankfield Hotel"]
[Date "2023.04.15"]
[Round "6.21"]
[White "Bastow, Mark A"]
[Black "Railwani, Tavish"]
[Result "1-0"]
[TimeControl "All moves in 15 minutes plus 10 second increment per move from move 1"]
[WhiteElo "1739"]
[BlackElo "1517"]

1. d4 {[%clk 00:15:15]} {[%emt 00:00:05]} Nf6 {[%clk 00:15:09]} {[%emt
00:00:10]} 2. Nf3 {[%clk 00:15:21]} {[%emt 00:00:05]} e6 {[%clk 00:15:07]}
{[%emt 00:00:12]} 3. e3 {[%clk 00:15:19]} {[%emt 00:00:12]} c5 {[%clk
00:15:00]} {[%emt 00:00:17]} 4. Bd3 {[%clk 00:15:23]} {[%emt 00:00:07]} Nc6
{[%clk 00:15:04]} {[%emt 00:00:05]} 5. b3 {[%clk 00:15:05]} {[%emt 00:00:29]}
d6 {[%clk 00:15:00]} {[%emt 00:00:13]} 6. O-O {[%clk 00:14:42]} {[%emt
00:00:32]} Be7 {[%clk 00:14:53]} {[%emt 00:00:18]} 7. Bb2 {[%clk 00:14:48]}
{[%emt 00:00:05]} O-O {[%clk 00:14:40]} {[%emt 00:00:21]} 8. Nbd2 {[%clk
00:14:09]} {[%emt 00:00:50]} b6 {[%clk 00:14:04]} {[%emt 00:00:45]} 9. a3
{[%clk 00:14:06]} {[%emt 00:00:14]} Bb7 {[%clk 00:14:05]} {[%emt 00:00:09]} 10.
c4 {[%clk 00:13:40]} {[%emt 00:00:36]} d5 {[%clk 00:11:41]} {[%emt 00:02:34]}
11. Rc1 {[%clk 00:12:52]} {[%emt 00:00:58]} Qd7 {[%clk 00:10:25]} {[%emt
00:01:26]} 12. Ne5 {[%clk 00:10:22]} {[%emt 00:02:39]} Qc7 {[%clk 00:10:18]}
{[%emt 00:00:19]} 13. f4 {[%clk 00:09:39]} {[%emt 00:00:53]} Rfd8 {[%clk
00:09:26]} {[%emt 00:01:02]} 14. Qe2 {[%clk 00:08:40]} {[%emt 00:01:09]} dxc4
{[%clk 00:09:06]} {[%emt 00:00:27]} 15. Ndxc4 {[%clk 00:07:32]} {[%emt
00:01:19]} cxd4 {[%clk 00:08:18]} {[%emt 00:00:58]} 16. Nxc6 {[%clk 00:07:14]}
{[%emt 00:00:29]} Qxc6 {[%clk 00:06:57]} {[%emt 00:01:30]} 17. Bxd4 {[%clk
00:07:02]} {[%emt 00:00:23]} Qd7 {[%clk 00:06:19]} {[%emt 00:00:46]} 18. Rfd1
{[%clk 00:06:19]} {[%emt 00:00:54]} Qe8 {[%clk 00:05:46]} {[%emt 00:00:43]} 19.
b4 {[%clk 00:04:40]} {[%emt 00:01:50]} h6 {[%clk 00:04:53]} {[%emt 00:01:03]}
20. Bb2 {[%clk 00:03:17]} {[%emt 00:01:32]} Rac8 {[%clk 00:04:22]} {[%emt
00:00:42]} 21. Ne5 {[%clk 00:03:00]} {[%emt 00:00:27]} Qf8 {[%clk 00:03:14]}
{[%emt 00:01:18]} 22. f5 {[%clk 00:02:36]} {[%emt 00:00:34]} exf5 {[%clk
00:02:43]} {[%emt 00:00:40]} 23. Bxf5 {[%clk 00:02:39]} {[%emt 00:00:08]} Rxc1
{[%clk 00:02:42]} {[%emt 00:00:10]} 24. Rxc1 {[%clk 00:02:45]} {[%emt
00:00:05]} Bd6 {[%clk 00:02:14]} {[%emt 00:00:38]} 25. Nc4 {[%clk 00:02:16]}
{[%emt 00:00:39]} Qe7 {[%clk 00:01:59]} {[%emt 00:00:25]} 26. Rd1 {[%clk
00:01:44]} {[%emt 00:00:42]} Bc7 {[%clk 00:01:42]} {[%emt 00:00:27]} 27. Rxd8+
{[%clk 00:01:26]} {[%emt 00:00:29]} Qxd8 {[%clk 00:01:49]} {[%emt 00:00:02]} 28.
Qd3 {[%clk 00:01:23]} {[%emt 00:00:12]} Qxd3 {[%clk 00:01:42]} {[%emt
00:00:18]} 29. Bxd3 {[%clk 00:01:31]} {[%emt 00:00:01]} Nd5 {[%clk 00:01:30]}
{[%emt 00:00:22]} 30. h3 {[%clk 00:01:22]} {[%emt 00:00:20]} Ba6 {[%clk
00:01:19]} {[%emt 00:00:21]} 31. Kf2 {[%clk 00:01:09]} {[%emt 00:00:22]} f6
{[%clk 00:01:00]} {[%emt 00:00:30]} 32. Nxb6 {[%clk 00:01:08]} {[%emt
00:00:12]} Bxb6 {[%clk 00:00:59]} {[%emt 00:00:10]} 33. Bxa6 {[%clk 00:01:15]}
{[%emt 00:00:03]} Nxe3 {[%clk 00:01:03]} {[%emt 00:00:05]} 34. Kf3 {[%clk
00:01:19]} {[%emt 00:00:07]} Nf5 {[%emt 00:00:31]} 35. Bd3 {[%clk 00:01:17]}
Nd6 {[%clk 00:00:58]} {[%emt 00:00:06]} 36. a4 {[%clk 00:01:19]} {[%emt
00:00:08]} Kf7 {[%emt 00:00:19]} 37. a5 {[%emt 00:00:09]} Bc7 {[%clk 00:00:28]}
{[%emt 00:00:13]} 38. Bd4 {[%clk 00:01:24]} {[%emt 00:00:05]} Nc8 {[%clk
00:00:30]} {[%emt 00:00:07]} 39. Ba6 {[%clk 00:01:27]} {[%emt 00:00:08]} Nd6
{[%clk 00:00:35]} {[%emt 00:00:04]} 40. Bxa7 {[%clk 00:01:34]} {[%emt
00:00:04]} Ke7 {[%clk 00:00:37]} {[%emt 00:00:08]} 41. Bc5 {[%clk 00:01:40]}
{[%emt 00:00:04]} Kd7 {[%clk 00:00:41]} {[%emt 00:00:05]} 42. Bd3 {[%clk
00:01:44]} {[%emt 00:00:07]} Kd8 {[%clk 00:00:45]} {[%emt 00:00:06]} 43. b5
{[%clk 00:01:50]} {[%emt 00:00:04]} Nxb5 {[%clk 00:00:36]} {[%emt 00:00:19]} 44.
Bxb5 {[%clk 00:01:55]} {[%emt 00:00:05]} Bxa5 {[%clk 00:00:44]} {[%emt
00:00:02]} 45. Kg4 {[%clk 00:02:02]} {[%emt 00:00:03]} Bc7 {[%clk 00:00:37]}
{[%emt 00:00:17]} 46. Bf8 {[%clk 00:02:06]} {[%emt 00:00:06]} g6 {[%clk
00:00:40]} {[%emt 00:00:07]} 47. Bxh6 {[%clk 00:02:15]} {[%emt 00:00:02]} Ke7
{[%clk 00:00:44]} {[%emt 00:00:05]} 48. Bd3 {[%clk 00:02:22]} {[%emt 00:00:03]}
f5+ {[%clk 00:00:52]} {[%emt 00:00:02]} 49. Kg5 {[%clk 00:02:27]} {[%emt
00:00:05]} Kf7 {[%clk 00:01:00]} {[%emt 00:00:02]} 50. Bc4+ {[%clk 00:02:36]}
{[%emt 00:00:01]} Ke7 {[%clk 00:01:07]} {[%emt 00:00:02]} 51. Kxg6 {[%clk
00:02:45]} {[%emt 00:00:02]} f4 {[%clk 00:01:15]} {[%emt 00:00:02]} 52. Kf5
{[%clk 00:02:54]} {[%emt 00:00:01]} Ke8 {[%clk 00:01:17]} {[%emt 00:00:08]} 53.
Bxf4 {[%clk 00:03:02]} {[%emt 00:00:02]} Bxf4 {[%clk 00:01:25]} {[%emt
00:00:02]} 54. Kxf4 {[%clk 00:03:11]} {[%emt 00:00:01]} Kf8 {[%clk 00:01:34]}
{[%emt 00:00:02]} 55. Kg5 {[%clk 00:03:20]} {[%emt 00:00:01]} Kg7 {[%clk
00:01:43]} {[%emt 00:00:01]} 56. g4 {[%clk 00:03:29]} {[%emt 00:00:01]} Kh7
{[%clk 00:01:51]} {[%emt 00:00:01]} 57. Bd3+ {[%clk 00:03:36]} {[%emt
00:00:03]} Kg7 {[%clk 00:01:59]} {[%emt 00:00:02]} 58. h4 {[%clk 00:03:45]}
{[%emt 00:00:01]} Kg8 {[%clk 00:02:08]} 59. Kg6 {[%clk 00:03:54]} {[%emt
00:00:01]} Kh8 {[%clk 00:02:12]} {[%emt 00:00:06]} 60. h5 {[%clk 00:04:00]}
{[%emt 00:00:05]} Kg8 {[%clk 00:02:21]} {[%emt 00:00:01]} 61. Bc4+ {[%clk
00:04:08]} {[%emt 00:00:02]} Kh8 {[%clk 00:02:24]} {[%emt 00:00:06]} 62. Kf7
{[%clk 00:04:17]} {[%emt 00:00:01]} Kh7 {[%clk 00:02:33]} {[%emt 00:00:02]} 63.
g5 {[%clk 00:04:26]} {[%emt 00:00:01]} Kh8 {[%clk 00:02:40]} {[%emt 00:00:03]}
64. Bb3 {[%clk 00:04:34]} {[%emt 00:00:02]} Kh7 {[%clk 00:02:47]} {[%emt
00:00:03]} 65. g6 {[%clk 00:04:43]} Kh6 {[%clk 00:02:55]} {[%emt 00:00:02]} 66.
g7 {[%clk 00:04:50]} {[%emt 00:00:03]} Kg5 {[%clk 00:03:02]} {[%emt 00:00:01]}
67. g8=Q+ {[%clk 00:04:58]} {[%emt 00:00:03]} Kf4 {[%clk 00:03:10]} {[%emt
00:00:03]} 68. Kf6 {[%clk 00:05:06]} {[%emt 00:00:01]} Kf3 {[%clk 00:03:19]}
{[%emt 00:00:01]} 69. Kf5 {[%clk 00:05:15]} {[%emt 00:00:01]} Ke3 {[%clk
00:03:27]} {[%emt 00:00:02]} 70. Qd5 {[%clk 00:05:22]} {[%emt 00:00:03]} Ke2
{[%clk 00:03:34]} {[%emt 00:00:03]} 71. Kf4 {[%clk 00:05:31]} {[%emt 00:00:01]}
Kf2 {[%clk 00:03:38]} {[%emt 00:00:06]} 72. Qd2+ {[%clk 00:05:40]} {[%emt
00:00:02]} Kg1 {[%clk 00:03:44]} {[%emt 00:00:03]} 73. Kg3 {[%clk 00:05:48]}
{[%emt 00:00:01]} 1-0